Erkenne den Fussballer an einem Wort - Statistiken

Allgemein
  • Dieses Quiz wurde 159 mal gespielt
  • Das Durchschnittsergebnis liegt bei 9 aus 16
Antwortstatistiken
Hint Antwort % Korrekt
Ninja Turtle Kylian Mbappe
86%
Kopfnuss Zinedine Zidane
83%
Er macht iiiihn Mario Götze
81%
Pferdeliebhaber Thomas Müller
81%
Vikinger Erling Haaland
66%
Mr. Roma Francesco Totti
64%
Fallrückzieher Zlatan Ibrahimovic
53%
langer Lulatsch Peter Crouch
52%
Bounce-Pass Mesut Özil
49%
Rote-Kartensammler Pepe
49%
Ohrschrauber Luca Toni
42%
Trivela Ricardo Quaresma
41%
Irokesenschnitt Arturo Vidal
33%
Jabulani-Experte Diego Forlan
28%
La Croqueta Andres Iniesta
24%
Freistoßkünstler David Beckham
22%
Keine übereinstimmenden Quizze gefunden
Verteilung der Resultate
Anzahl Personen mit jedem Resultat
Perzentil nach korrekt beantworteten Fragen
Ihre Resultats-Entwicklung
Sie haben dieses Quiz noch nicht gespielt